|
|
|
|
| LEADER |
00000nam a2200000 a 4500 |
| 001 |
vtls011877504 |
| 003 |
SK-MaSNL |
| 005 |
20260302092521.0 |
| 008 |
251112 1702 gw 000 0 lat |
| 015 |
|
|
|a SNBHFA1702
|
| 040 |
|
|
|a SNKHF
|b slo
|c SNKHF
|e AACR2
|
| 041 |
0 |
|
|a lat
|a ger
|
| 044 |
|
|
|a gw
|c DE
|
| 072 |
|
7 |
|a 61
|x Lekárske vedy. Medicína
|2 konspekt
|
| 080 |
|
|
|a 61
|2 2011
|
| 100 |
1 |
|
|a Sperling, Paul Gottfried,
|d 1652-1709
|4 aut
|4 ths
|9 720678
|
| 245 |
1 |
9 |
|a Q.D.B.V. Rectore Magnificentissimo, Serenissimo Principe Regio Ac Domino, Dn. Friderico Avgvsto, Elect. Saxon. Herede, Dissertationem Inauguralem, De Pleuritide, Ex Auctoritate Gratiosae Facultatis Medicae
|c Praeside Dn. Paulo Gotter. Sperlingio, Med. Doct. Anatom. ac Botan. Prof. Publ. longe celeberrimo, nec non Archiatro Principis Servestani splendidissimo, & p. t. Decano, Domino ac Patrono suo in aeternum devenerando, Pro Licentia, Summos In Arte Medica Honores ; Isignia Ac privilegia Doctoratus Legitime Capessendi, P. P. Dorotheus Augustus Findekeller, Vitenb. Saxo, Physic. Ordin. Circuli Bescov. Et Storkov Ad d. Octobr. A. O. R. (I) I) CCII. In Auditori Maiori, Horis Ante Et Post Meridiem Consvetis
|
| 260 |
|
|
|a Vitembergae
|b Prelo Gerdesiano
|c [1702]
|
| 300 |
|
|
|a 29, [2 ] strán
|c 4°
|
| 500 |
|
|
|a Vinety, linka, iniciálka s ornamentálnym pozadím vo voľnom priestore na 6 riadkov, kustody, typografické ozdoby
|
| 501 |
|
|
|a Príväzok 35. k: BERGER, Johann Gottfried von. De Angina. Wittebergae : Martin Schultz, 1691. 4°.
|5 SNK IC 144708
|
| 508 |
|
|
|a Ded.: Findekeller, Godofredus; Findekeller, Dorotheus Augustus
|
| 546 |
|
|
|a Latinský jazyk
|b Antikva
|
| 561 |
|
|
|a Z knižnice Učenej spoločnosti malohontskej.
|5 SNK IC 144708/prív.35
|
| 650 |
0 |
7 |
|a medicína
|2 SNKPH
|9 899
|
| 700 |
1 |
|
|a Gerdesius
|4 prt
|9 762293
|
| 700 |
1 |
|
|a Findekeller, Godofredus
|4 hnr
|9 762294
|
| 700 |
1 |
|
|a Findekeller, Dorotheus Augustus
|4 dto
|4 dis
|9 762295
|
| 700 |
1 |
|
|a Fansch, B.
|4 ctb
|9 762296
|
| 700 |
0 |
|
|a August
|b II.,
|c poľský kráľ,
|d 1670-1733
|4 oth
|9 181477
|
| 710 |
2 |
|
|a Učená spoločnosť malohontská
|4 fmo
|9 205374
|
| 710 |
2 |
|
|a Gerdesius (Vitenberg, Nemecko)
|4 prt
|9 762297
|
| 752 |
|
|
|a Nemecko
|d Vitenberg
|
| 852 |
|
|
|a snk
|b Historické fondy
|p IC 144708/prív.35
|
| 958 |
|
|
|a ONDV
|
| 958 |
|
|
|a DD
|
| 999 |
|
|
|c 1205021
|d 1206951
|
| 952 |
|
|
|t MHC 1281, LXXI.
|a SNK
|b SNK
|c SNK_HF
|y PREZ
|7 0
|p 17A1356378
|o snkIC 144708/prív.35
|i snk2019/15702
|8 5
|0 0
|1 0
|4 0
|d 2019-07-17
|l 0
|r 2026-02-24 22:54:40
|w 2026-02-24
|